Indica i numeri composti - morte improvvisa - Statistics

Statistiche generali
  • Questo quiz è stato fatto 177 volte
  • Il punteggio medio è 7 su 16
Answers on the Grid
Answers color-coded by a green-red scale on the quiz's grid according to % correct below.
77
27
38
0
33
47
23
53
2
42
57
8
89
1
67
87
9
44
93
19
61
10
91
36
15
55
59
17
97
11
 
Statistiche sulle risposte
Risposta % Corretto
77
77%
27
76%
38
67%
33
61%
42
45%
8
38%
44
34%
36
33%
15
32%
55
32%
9
31%
10
29%
93
29%
57
28%
87
26%
91
16%
Nessun quiz corrispondente trovato
Distribuzione punteggi
Percentuale di utenti per punteggio
Percentile per numero di risposta
I tuoi punteggi nel tempo
Non hai fatto questo quiz